| 000 | 00000nam##2200000za#4500 |
| 001 | 9.569174 |
| 003 | CaOODSP |
| 005 | 20210624181636 |
| 007 | cr ||||||||||| |
| 008 | 150406|1999||||xxc|||||o f|0| 0 eng|d |
| 040 | |aCaOODSP|beng |
| 043 | |an-cn--- |
| 086 | 1 |aBT31-4/4-1999E-PDF |
| 110 | 1 |aCanada. |bTreasury Board. |
| 245 | 10|aFisheries and Oceans, performance report for the period ending March 31, 1999 |h[electronic resource] |
| 260 | |aOttawa - Ontario : |bTreasury Board of Canada Secretariat |cc1999. |
| 300 | |a88p.|bgraphs, organization chart, tables, photographs, index |
| 490 | 1 |aPerformance report for the period ending March 31, 1999 |vFor the period ending March 31, 1999 |
| 590 | |a11-05-Supp|b2011-03-15 |
| 775 | 08|tPêches et Océans, rapport sur le rendement pour la période se terminant le 31 mars 1999 |w(CaOODSP)9.600411 |
| 776 | 0#|tFisheries and Oceans |w(CaOODSP)9.532408 |
| 776 | 0#|tPêches et Océans |w(CaOODSP)9.532409 |
| 830 | #0|aPerformance report for the period ending March 31, 1999 ;|vFor the period ending March 31, 1999|w(CaOODSP)9.506261 |
| 856 | 40|ahttp://publications.gc.ca|qPDF|s5.69 MB|uhttps://publications.gc.ca/collections/Collection/BT31-4-4-1999E.pdf|yFor the period ending March 31, 1999 |